|
|
|
|
| LEADER |
00000nab a2200000 a 4500 |
| 001 |
vtls000389504 |
| 003 |
SK-MaSNL |
| 005 |
20260303134604.0 |
| 008 |
230217c1990 xo 0 slo |
| 015 |
|
|
|a SNBRB19rr/mm-uuuuu
|
| 035 |
|
|
|a CL0389628
|
| 035 |
|
|
|a urn:nbn:sk:snk-abbks7
|
| 035 |
|
|
|a (urnnbn)urn:nbn:sk:snk:ar-001ad8
|
| 035 |
|
|
|a (uuid)fc9b3dd4-1a2b-4714-b247-3e2ec840b212
|
| 040 |
|
|
|a SNKBUCL
|b slo
|c SNKBUCL
|e AACR2
|
| 041 |
0 |
|
|a slo
|
| 044 |
|
|
|a xo
|c SK
|
| 080 |
|
|
|a 021.81(083.1)(048)
|2 1981
|
| 080 |
|
|
|a 027.625
|2 1981
|
| 080 |
|
|
|a 025.5
|2 1981
|
| 100 |
1 |
|
|a (sa)
|4 aut
|9 863186
|
| 245 |
1 |
0 |
|a Ďalšia metodická pomôcka
|c (sa)
|
| 650 |
0 |
7 |
|a knižnice
|2 snkbucl
|9 17965
|
| 650 |
0 |
7 |
|a práca s čitateľom v knižniciach
|2 snkbucl
|9 942726
|
| 650 |
0 |
7 |
|a deti
|2 snkbucl
|9 773
|
| 650 |
0 |
7 |
|a mládež
|2 snkbucl
|9 1575
|
| 650 |
0 |
7 |
|a výchova knižnično-informatická
|2 snkbucl
|9 1155106
|
| 655 |
|
7 |
|a články z novín a časopisov
|2 snkbucl
|9 267496
|
| 773 |
0 |
|
|t Čitateľ
|g Roč. 39, č. 7-8 (1990), s. 300-301
|
| 787 |
0 |
8 |
|i Rec.:
|t Knihovnícko-informatická výchova. Metodické texty
|d České Budějovice : Státní vědecká knihovna, 1989
|
| 850 |
|
|
|a Slovenská národná knižnica v Martine
|a MTA001
|
| 852 |
|
|
|a SNK
|b KIS3GCP
|
| 954 |
|
|
|a odborná, vedecká literatúra pôvodná (slovenská)
|2 lita
|
| 958 |
|
|
|a OND
|
| 958 |
|
|
|a RK
|
| 958 |
|
|
|a KL
|
| 958 |
|
|
|a EUIPO
|
| 958 |
|
|
|a article15
|
| 992 |
|
|
|a RBX
|
| 999 |
|
|
|c 1961082
|d 1963012
|